العلاقة التعاقدية بين أطراف عقد الاعتمان المستندي /
Saved in:
| Main Author: | |
|---|---|
| Other Authors: | |
| Format: | Thesis |
| Language: | Arabic |
| Published: |
Filastin :
Jami'ah Najah al-Wataniyah,
2007.
|
| Subjects: | |
| Tags: |
Add Tag
No Tags, Be the first to tag this record!
|
| LEADER | 017560000a22003130004500 | ||
|---|---|---|---|
| 008 | 101228s2007 jo f00 0000 00ara d | ||
| 040 | |a UIAM |b eng | ||
| 041 | |a ara | ||
| 050 | |a HG3746 | ||
| 100 | 1 | |a سعيد، سماح يوسف اسماعيل | |
| 242 | 1 | 3 | |a al-'Alaqah al-ta'aqudiyah bayna atraf 'aqd al-i'timad al-mustanadi. |
| 245 | 1 | 2 | |a العلاقة التعاقدية بين أطراف عقد الاعتمان المستندي / |c اعداد سماح يوسف اسماعيل السعيد |
| 260 | |a Filastin : |b Jami'ah Najah al-Wataniyah, |c 2007. | ||
| 300 | |a 167 leaves ; |c 30 cm. | ||
| 500 | |a "قدةت هذه الأطروحة استكمالا لمطلبات درجة الماجستير في الفقه والتشريع بكلية الدراسات العليا في جامعة النجاح الوطنية في نابلس، فلسطين "On t.p. | ||
| 500 | |a Abstract in English. | ||
| 502 | |a Thesis (M.A.)--Jami'at Najah al-Wataniyah, 2007 | ||
| 504 | |a Includes bibliographical references (leaves 160-163). | ||
| 596 | |a 1 | ||
| 650 | |a Letters of credit | ||
| 650 | |a Banking law | ||
| 655 | |a Theses, Facsimile edition (Islamic) | ||
| 700 | |a Sa'id, Samah Yusuf Isma'il | ||
| 710 | |a Jami'at al-Najah al-Wataniyah. |b Kulliyat al-Dirasat al-'Ulya | ||
| 710 | |a جامعة النجاح الوطنية. |b كلية الدراسات العليا | ||
| 900 | |a sz-ami-naw | ||
| 999 | |c 432787 |d 465403 | ||
| 952 | |0 0 |6 TI HG 003746 S000132A 002007 |7 0 |8 THESES |9 752220 |a IIUM |b IIUM |c MULTIMEDIA |g 238.50 |o ti HG 3746 S132A 2007 |p 00011216207 |r 2017-10-23 |t 1 |v 238.50 |y THESIS | ||
| 952 | |0 0 |6 TI HG 003746 S000132A 002007 |7 0 |8 THESES |9 752221 |a IIUM |b IIUM |c MULTIMEDIA |g 238.50 |o ti HG 3746 S132A 2007 |p 00011216206 |r 2017-10-23 |t 2 |v 238.50 |y THESIS | ||
